Normal view
MARC view
- Sweet, Justin.
Entry Personal Name
001 - CONTROL NUMBER
- control field: 26147
003 - CONTROL NUMBER IDENTIFIER
- control field: NUST
005 - DATE AND TIME OF LATEST TRANSACTION
- control field: 20191125155121.0
008 - FIXED-LENGTH DATA ELEMENTS
- fixed length control field: 191125|| aca||aabn | a|a d
040 ## - CATALOGING SOURCE
- Original cataloging agency: NUST
- Transcribing agency: NUST
100 ## - HEADING--PERSONAL NAME
- Personal name: Sweet, Justin.
670 ## - SOURCE DATA FOUND
- Source citation: Work cat.: (NUST)0: Sweet, Justin., Legal aspects of architecture, engineering and the construction process /, c2004.
